KOHA-Header-6

High Performance Compilers for Parallel Computing (Record no. 6956)

000 -LEADER
fixed length control field 00278nam a2200109Ia 4500
100 ## - MAIN ENTRY--AUTHOR NAME
Personal name Michael Wolfe
245 #0 - TITLE STATEMENT
Title High Performance Compilers for Parallel Computing
260 ## - PUBLICATION, DISTRIBUTION, ETC. (IMPRINT)
Place of publication USA
Name of publisher Pearson
Year of publication 1988
300 ## - PHYSICAL DESCRIPTION
Number of Pages 796
942 ## - ADDED ENTRY ELEMENTS (KOHA)
Koha item type Books
Holdings
Withdrawn status Lost status Collection code Permanent Location Current Location Shelving location Date acquired Full call number Accession Number Koha item type
    Electrical Engineering MAJU MAJU   2019-09-11 5.445 496 Electrical Engineering

Powered by Koha